Kỹ thuật trồng bonsai
Sparad:
| Huvudupphovsman: | |
|---|---|
| Materialtyp: | Bok |
| Språk: | Undetermined |
| Publicerad: |
Hà Nội
Mỹ Thuật
2003
|
| Ämnen: | |
| Taggar: |
Lägg till en tagg
Inga taggar, Lägg till första taggen!
|
| Thư viện lưu trữ: | Trung tâm Học liệu Trường Đại học Cần Thơ |
|---|
| LEADER | 00541nam a2200193Ia 4500 | ||
|---|---|---|---|
| 001 | CTU_88222 | ||
| 008 | 210402s9999 xx 000 0 und d | ||
| 020 | |c 65000 | ||
| 082 | |a 635.9772 | ||
| 082 | |b G498 | ||
| 100 | |a Giorgi, Gianfranco | ||
| 245 | 0 | |a Kỹ thuật trồng bonsai | |
| 245 | 0 | |c Gianfranco Giorgi, Enzo Arhone | |
| 260 | |a Hà Nội | ||
| 260 | |b Mỹ Thuật | ||
| 260 | |c 2003 | ||
| 650 | |a Bonsai,Gardening,Ornamental floriculture | ||
| 904 | |i Truc | ||
| 980 | |a Trung tâm Học liệu Trường Đại học Cần Thơ | ||